Normal view MARC view

Entry Personal Name

Number of records used in: 2

001 - CONTROL NUMBER

  • control field: 46736

003 - CONTROL NUMBER IDENTIFIER

  • control field: dpl

005 - DATE AND TIME OF LATEST TRANSACTION

  • control field: 20120509150925.0

008 - FIXED-LENGTH DATA ELEMENTS

  • fixed length control field: 120509|||a|||||| | ||| d

040 ## - CATALOGING SOURCE

  • Original cataloging agency: dpl
  • Transcribing agency: dpl

100 ## - HEADING--PERSONAL NAME

  • Personal name: Kohn, Meir

670 ## - SOURCE DATA FOUND

  • Source citation: Work cat.: (dpl): Kohn, Meir, Financial institutions and markets /, 1996

670 ## - SOURCE DATA FOUND

  • Source citation: Work cat.: (dpl): Kohn, Meir, Financial institutions and markets /, 1996

© Delhi Public Library
Hit Counter
free hit counter